Working with emotional intelligence / (Record no. 611541)
[ view plain ]
| 000 -LEADER | |
|---|---|
| fixed length control field | 00727nam a22002177a 4500 |
| 020 ## - INTERNATIONAL STANDARD BOOK NUMBER | |
| International Standard Book Number | 9780553840230 |
| 040 ## - CATALOGING SOURCE | |
| Transcribing agency | PAK-NSHSNUST |
| 082 ## - DEWEY DECIMAL CLASSIFICATION NUMBER | |
| Classification number | 658.409019 |
| Author Mark | GOL |
| 100 1# - MAIN ENTRY--PERSONAL NAME | |
| Personal name | Goleman, Daniel |
| 9 (RLIN) | 9683 |
| 245 ## - TITLE STATEMENT | |
| Title | Working with emotional intelligence / |
| Statement of responsibility, etc. | Daniel Goleman |
| 260 ## - PUBLICATION, DISTRIBUTION, ETC. | |
| Place of publication, distribution, etc. | New York : |
| Name of publisher, distributor, etc. | Bantam Books , |
| Date of publication, distribution, etc. | 1998 |
| 300 ## - PHYSICAL DESCRIPTION | |
| Extent | xii; 464 Pages ; |
| Dimensions | 17.5 cm |
| 546 ## - LANGUAGE NOTE | |
| Language note | In English |
| 650 #0 - SUBJECT ADDED ENTRY--TOPICAL TERM | |
| Topical term or geographic name entry element | Executive ability. |
| 9 (RLIN) | 12471 |
| 650 #0 - SUBJECT ADDED ENTRY--TOPICAL TERM | |
| Topical term or geographic name entry element | Management |
| General subdivision | Psychological aspects. |
| 9 (RLIN) | 99366 |
| 650 #0 - SUBJECT ADDED ENTRY--TOPICAL TERM | |
| Topical term or geographic name entry element | Emotional intelligence. |
| 9 (RLIN) | 60526 |
| 650 #0 - SUBJECT ADDED ENTRY--TOPICAL TERM | |
| Topical term or geographic name entry element | Personality development. |
| 9 (RLIN) | 126129 |
| 650 #0 - SUBJECT ADDED ENTRY--TOPICAL TERM | |
| Topical term or geographic name entry element | Emotions and cognition. |
| 9 (RLIN) | 126130 |
| 942 ## - ADDED ENTRY ELEMENTS (KOHA) | |
| Source of classification or shelving scheme | |
| Koha item type | Book |
| Withdrawn status | Lost status | Source of classification or shelving scheme | Damaged status | Not for loan | Permanent Location | Current Location | Shelving location | Date acquired | Coded location qualifier | Cost, normal purchase price | Total Checkouts | Total Renewals | Full call number | Barcode | Checked out | Date last seen | Date last checked out | Cost, replacement price | Price effective from | Koha item type |
|---|---|---|---|---|---|---|---|---|---|---|---|---|---|---|---|---|---|---|---|---|
| NUST School of Health Sciences (NSHS) | NUST School of Health Sciences (NSHS) | General Stacks | 09/18/2024 | Donation | 1495.00 | 3 | 2 | 658.409019 GOL | NSHS-1790 | 05/15/2026 | 02/26/2026 | 02/26/2026 | 2990.00 | 09/18/2024 | Book |
